00399nam a2200157 a 4500008004100000020001500041050001800056100001800074245002500092260003400117300001200151350000900163650001900172650002800191650002200219060316s1983 ||||||||||||||||| || u a0224021648 aPR 6070.E52W6 aTennant, Emma10aWoman beware woman / aLondon :bJonathan Capec1983 a176 p.  a0.00 aDEATH--FICTION aWOMEN--IRELAND--FICTION aIreland - Fiction